Analisis de la oferta del transporte de carga por carretera
Salvato in:
| Autore principale: | |
|---|---|
| Natura: | Tesi Libro |
| Lingua: | Undetermined |
| Pubblicazione: |
1982
|
| Soggetti: | |
| Tags: |
Aggiungi Tag
Nessun Tag, puoi essere il primo ad aggiungerne!!
|
MARC
| LEADER | 00000nam a2200000Ia 4500 | ||
|---|---|---|---|
| 001 | 2048 | ||
| 008 | 140114s9999 xx 000 0 und d | ||
| 100 | |a Mata Solano, Miguel Angel | ||
| 245 | |a Analisis de la oferta del transporte de carga por carretera | ||
| 260 | |c 1982 | ||
| 500 | |a NULL | ||
| 502 | |a Escuela de ingenieria Civil | ||
| 650 | |z TRANSPORTE | ||
| 999 | |c 11481 |d 11481 | ||
